000 00762nam a2200205Ia 4500
003 GCL
008 140319s9999 xx 000 0 ara d
040 _aGCL /
_cGCL
082 0 4 _a953.808
_bم ك
100 1 _aمركز البحوث والدراسات الكويتية
245 1 0 _aالكويت والتنمية الاجتماعية:قيادةوتخطيط ومشاركه شعبيه وتوجد وانسانى /
_cمركز البحوث والدراسات الكويتية
300 _a243 ص
490 _a
650 0 4 _aالكويت
650 0 4 _aالتاريخ
650 0 4 _aالكويت - تاريخ
650 0 4 _aالكويت - الاحوال الاجتماعية
650 0 4 _aالكويت - تاريخ - العصر الحديث
942 _2ddc
_cBK
999 _c52010
_d52010